000 00294nam a22001217a 4500
008 180730b xxu||||| |||| 00| 0 eng d
082 _2813.52
245 _aGeneral Medical Conditions in the Athlete
_cCuppet, M
260 _c2005
300 _a1
_fCD
440 _x9996003248
942 _2ddc
_cMX
999 _c46666
_d46666